Mi siglo
Збережено в:
| Автор: | |
|---|---|
| Формат: | Книга |
| Мова: | Іспанська |
| Опубліковано: |
Ciudad de México
Alfaguara Grupo Santillana Editores
1999
|
| Редагування: | 1a. ed |
| Предмети: | |
| Теги: |
Додати тег
Немає тегів, Будьте першим, хто поставить тег для цього запису!
|
MARC
| LEADER | 00000cam a2200000 a 4500 | ||
|---|---|---|---|
| 001 | UCC1074 | ||
| 003 | CL-VaPUC | ||
| 008 | 170922e19991000mx |||||||||||||||||spa|d | ||
| 020 | |a 9681906500 | ||
| 082 | 0 | 4 | |a 833 |b GRA |2 21 |
| 100 | |a Grass, Günter |e author |9 595115 | ||
| 245 | 1 | 0 | |a Mi siglo |
| 250 | |a 1a. ed | ||
| 300 | |a 428 p | ||
| 942 | |c BK | ||
| 945 | |d 20170922 16:51:00 |a arojas | ||
| 260 | |a Ciudad de México |b Alfaguara Grupo Santillana Editores |c 1999 | ||
| 650 | 0 | |a Novelas alemanas |9 265783 | |
| 650 | 0 | |a Literatura alemana |9 265457 | |
| 583 | |a last modification |c 20170922 16:51:00 |k Rodrigo Vera | ||
| 999 | |c 369663 |d 369661 | ||
| 952 | |0 0 |1 0 |3 erb |4 0 |6 833_000000000000000_GRA_1999 |7 0 |8 X |9 485596 |a FDOBUD |b FDOBUD |i 5425751 |o 833 GRA 1999 |p 5425751 |r 2019-11-24 |w 2019-11-24 |y BK_X |z Catalogado en:20170922 |k BUD | ||